| 000 | 01226nam a2200349Ia 4500 | ||
|---|---|---|---|
| 001 | 049646 | ||
| 008 | 221003m2016 xx 000 0 spa d | ||
| 035 | _aCENDO_39557 | ||
| 041 | _aspa | ||
| 110 |
_aCCOO _bConfederación Sindical _bSecretaría de Mujer e Igualdad _cSecretaría de Mujer e Igualdad _941222 |
||
| 245 | 0 |
_a28 septiembre : _bDía Mundial por el Acceso al Aborto Legal y Seguro : por los derechos sexuales y reproductivos / _cSecretaría Confederal de la Mujer |
|
| 260 |
_a[Madrid] : _bSecretaría Confederal de la Mujer de CCOO, _c[2016] |
||
| 300 |
_a2 p. ; _c 30 cm |
||
| 650 |
_aMUJERES _9199 |
||
| 650 | 0 |
_aABORTO _94300 |
|
| 650 | 0 |
_aDIA MUNDIAL POR EL ACCESO AL ABORTO LEGAL Y SEGURO _939824 |
|
| 650 |
_aDERECHOS DE LA MUJER _9392 |
||
| 650 |
_aSEXUALIDAD _910298 |
||
| 650 |
_aREPRODUCCION _92949 |
||
| 650 |
_aAMERICA LATINA _91230 |
||
| 650 |
_aDERECHOS HUMANOS _92569 |
||
| 650 | 0 |
_aASISTENCIA MEDICA _9556 |
|
| 650 | 0 |
_aACTITUD SINDICAL _961 |
|
| 650 | 0 |
_aMOVIMIENTO FEMINISTA _94309 |
|
| 856 |
_zPDF _uhttp://docpublicos.ccoo.es/cendoc/049646VeintiochoSeptiembre.pdf |
||
| 901 | _a2 | ||
| 903 | _aNO | ||
| 904 | _a000 | ||
| 910 | _a2016 | ||
| 942 |
_cDOCU_ELEC _2ddc |
||
| 999 |
_c39556 _d39556 |
||